• 首页
  • 本馆介绍
  • 公告通知
  • 最新文献
  • 馆藏检索
  • 电子资源
  • 读者导购
  • 参考咨询
  • 我的图书馆
  • 登录
  • 详细信息显示
  • 放入我的书架
  • 预约/预借图书
  • 作者相关作品
  • 分类相关作品
  • 丛书相关作品
  • 出版社相关作品

书目信息

  • 表格格式
  • 工作单格式
  • 卡片格式
题名:
绿色食品申报指南
    
 
作者: 陈倩 , 金连登 , 杨培生 主编 ;中国绿色食品发展中心 编
分册:   稻米卷
出版信息: 北京   中国农业科学技术出版社  2019.10
页数: 259页
开本: 21cm
丛书名:
单 册:
中图分类: S-01 , TS213-62
科图分类:
主题词: 绿色食品--lv se shi pin--申报--中国--指南 , 稻--dao--绿色食品--申报--中国--指南
电子资源:
ISBN: 978-7-5116-4295-0
000 01240nam 2200325 450
001 CAL 0120192889837
005 20230303082505.68
010    @a978-7-5116-4295-0@dCNY39.00
100    @a20191121d2019 em y0chiy0120 ea
101 0  @achi
102    @aCN@b110000
105    @aa a 000yy
106    @ar
200 1  @a绿色食品申报指南@Alv se shi pin shen bao zhi nan@i稻米卷@f中国绿色食品发展中心编
210    @a北京@c中国农业科学技术出版社@d2019.10
215    @a259页@c彩图@d21cm
314    @a书内题: 陈倩, 金连登, 杨培生主编
320    @a有书目 (第258-259页)
330    @a本书介绍了绿色食品概念、发展与前景, 绿色食品稻米生产及技术要求, 绿色食品申报要求 (包括申报条件、申报流程、申报材料清单和要求), 绿色食品申报范例, 绿色食品标志使用方法, 绿色食品申报常见问题。
517 1  @a稻米卷@Adao mi juan
606 0  @a绿色食品@Alv se shi pin@x申报@y中国@j指南
606 0  @a稻@Adao@x绿色食品@x申报@y中国@j指南
690    @aS-01@v5
690    @aTS213-62@v5
701  0 @a陈倩@Achen qian@4主编
701  0 @a金连登@Ajin lian deng@4主编
701  0 @a杨培生@Ayang pei sheng@4主编
712 02 @a中国绿色食品发展中心@Azhong guo lv se shi pin fa zhan zhong xin@4编
801  0 @aCN@bBJXHZP@c20230228
905    @b1382701-4@dS-01@e56@f4
    
    绿色食品申报指南.稻米卷/中国绿色食品发展中心编.-北京:中国农业科学技术出版社,2019.10
    259页:彩图;21cm
    
    
    ISBN 978-7-5116-4295-0:CNY39.00
    本书介绍了绿色食品概念、发展与前景, 绿色食品稻米生产及技术要求, 绿色食品申报要求 (包括申报条件、申报流程、申报材料清单和要求), 绿色食品申报范例, 绿色食品标志使用方法, 绿色食品申报常见问题。
●
相关链接 在E读中查询图书 在五车中查询图书 在当当中查询图书 在豆瓣中查询图书


正题名:绿色食品申报指南     索取号:S-01/56         预约/预借

序号 登录号 条形码 馆藏地/架位号 状态 备注
1 1382701   213827019   第二样本阅览室/ [索取号:S-01/56] 在馆    
2 1382702   213827028   第三借阅区/ [索取号:S-01/56] 在馆    
3 1382703   213827037   第三借阅区/ [索取号:S-01/56] 在馆    
4 1382704   213827046   第三借阅区/ [索取号:S-01/56] 在馆    
唐山师范学院图书馆 欢迎您!
大连网信软件有限公司© 版权所有